[Event "Arco Christmas op 9th"]
[Site "Arco"]
[Date "2018.12.26"]
[Round "1"]
[White "Paganini, Andrea"]
[Black "Trauth, Michael"]
[Result "0-1"]
[WhiteElo "1893"]
[BlackElo "2134"]
[PlyCount "82"]
[EventDate "2018.12.26"]
[EventType "swiss"]
[EventRounds "7"]
[EventCountry "ITA"]
[SourceTitle "CBM 188 Extra"]
[Source "ChessBase"]
[SourceDate "2019.02.28"]
[SourceVersion "1"]
[SourceVersionDate "2019.02.28"]
[SourceQuality "1"]

1. e4 c5 2. d4 cxd4 3. c3 dxc3 4. Nxc3 Nc6 5. Nf3 g6 6. Bc4 Bg7 7. e5 Nh6 8. Bf4 d6 9. exd6 Nf5 10. Bxf7+ Kxf7 11. Ng5+ Kf8 12. Qb3 e6 13. 0-0-0 Nfd4 14. Qc4 h6 15. Nge4 e5 16. Be3 Be6 17. Qc5 Qd7 18. Qa3 b6 19. f4 Kg8 20. fxe5 Bxe5 21. Qa4 Qg7 22. Rhf1 Kh7 23. Kb1 Rhf8 24. d7 Rxf1 25. Rxf1 Bxd7 26. Nd5 Bf5 27. Rxf5 gxf5 28. Bxd4 Nxd4 29. Nec3 Rd8 30. a3 Ne2 31. Nxe2 Rxd5 32. g3 Qd7 33. Qb3 Rd2 34. Nc3 Bxc3 35. Qxc3 Rd1+ 36. Kc2 Rh1 37. Qf6 Rxh2+ 38. Kb3 Qd5+ 39. Kc3 Qc5+ 40. Kd3 Qc2+ 41. Ke3 Qe2+ 0-1

[Event "Milan Crespi op-A 34th"]
[Site "Milan"]
[Date "2013.12.06"]
[Round "3"]
[White "Paganini, Andrea"]
[Black "Laurino, Alberto"]
[Result "1/2-1/2"]
[WhiteElo "1878"]
[BlackElo "1787"]
[PlyCount "124"]
[EventDate "2013.12.04"]
[EventType "swiss"]
[EventRounds "7"]
[EventCountry "ITA"]
[SourceTitle "EXT 2024"]
[Source "ChessBase"]
[SourceDate "2023.10.10"]
[SourceVersion "1"]
[SourceVersionDate "2023.10.10"]
[SourceQuality "1"]

1. e4 e6 2. d4 d5 3. e5 c5 4. Qg4 cxd4 5. Bd3 Nc6 6. Nf3 g6 7. 0-0 Bg7 8. Re1 Nh6 9. Qh3 Nf5 10. g4 Nfe7 11. Bh6 Bxh6 12. Qxh6 Kd7 13. Qf4 h6 14. Bb5 a6 15. Bxc6+ bxc6 16. Qxd4 Bb7 17. Nc3 Ke8 18. Na4 Rb8 19. Re3 Bc8 20. Nc5 a5 21. Rd1 Rb4 22. c4 Qb6 23. Rb3 Rxb3 24. Nxb3 Qxd4 25. Nfxd4 a4 26. Nc5 g5 27. Rd3 Kd8 28. Ra3 dxc4 29. Rxa4 c3 30. bxc3 h5 31. Ra8 hxg4 32. Nb7+ Kc7 33. Nd6 Rh3 34. Ra7+ Kd8 35. Nxf7+ Ke8 36. Nd6+ Kd8 37. Nxc8 Nxc8 38. Nxc6+ Ke8 39. Nd4 Rxc3 40. Ra6 Rd3 41. Nxe6 Ne7 42. Nxg5 Nd5 43. Ra4 Rd2 44. Rxg4 Rxa2 45. h4 Ke7 46. h5 Kf8 47. h6 Kg8 48. Rd4 Ra5 49. e6 Kf8 50. h7 Kg7 51. Kh2 Nf6 52. h8Q+ Kxh8 53. Rd8+ Kg7 54. Rd7+ Kg6 55. e7 Kxg5 56. Rb7 Ra2 57. Kg3 Re2 58. f4+ Kg6 59. Kf3 Re1 60. Ra7 Kf7 61. Kg3 Nh5+ 62. Kg4 Nxf4 1/2-1/2

[Event "Milan Crespi op-A 34th"]
[Site "Milan"]
[Date "2013.12.05"]
[Round "2"]
[White "Spirliadis, Achileas"]
[Black "Paganini, Andrea"]
[Result "1-0"]
[WhiteElo "2053"]
[BlackElo "1878"]
[PlyCount "67"]
[EventDate "2013.12.04"]
[EventType "swiss"]
[EventRounds "7"]
[EventCountry "ITA"]
[SourceTitle "EXT 2024"]
[Source "ChessBase"]
[SourceDate "2023.10.10"]
[SourceVersion "1"]
[SourceVersionDate "2023.10.10"]
[SourceQuality "1"]

1. e4 e5 2. Nc3 Nf6 3. Bc4 Nxe4 4. Qh5 Nd6 5. Bb3 c6 6. Ne4 Qe7 7. Nxd6+ Qxd6 8. Qxf7+ Kd8 9. Nf3 Qf6 10. Qh5 d5 11. d4 h6 12. dxe5 Qf5 13. Qxf5 Bxf5 14. c4 dxc4 15. Bxc4 Nd7 16. 0-0 g5 17. h3 Kc7 18. Be3 Re8 19. Rad1 Rh7 20. Rfe1 Be6 21. Bxe6 Rxe6 22. Nd4 Rxe5 23. f4 Re8 24. fxg5 hxg5 25. Bf4+ Kd8 26. Bxg5+ Be7 27. Rxe7 Rexe7 28. Nf5 Ke8 29. Bxe7 Rxe7 30. Nxe7 Kxe7 31. Rxd7+ Kxd7 32. Kf2 a5 33. Ke3 Kd6 34. h4 1-0

[Event "Milan Molinari Memorial 5th"]
[Site "Milan"]
[Date "2011.10.30"]
[Round "3"]
[White "Nicolo, Filippo"]
[Black "Paganini, Andrea"]
[Result "1/2-1/2"]
[WhiteElo "2017"]
[BlackElo "1847"]
[PlyCount "80"]
[EventDate "2011.10.28"]
[EventType "swiss"]
[EventRounds "6"]
[EventCountry "ITA"]
[SourceTitle "EXT 2014"]
[Source "ChessBase"]
[SourceDate "2013.11.20"]
[SourceVersion "1"]
[SourceVersionDate "2013.11.20"]
[SourceQuality "1"]

1. d4 d5 2. Nf3 b5 3. Bg5 Nf6 4. e3 a6 5. Bd3 Bb7 6. Ne5 e6 7. Nd2 Be7 8. 0-0 c5 9. c3 0-0 10. f4 Nc6 11. Rf3 Ne4 12. Bxe7 Qxe7 13. Rh3 Nxe5 14. fxe5 h6 15. Qe2 b4 16. cxb4 cxb4 17. Bxe4 dxe4 18. Qg4 f5 19. Qg6 Qf7 20. Rxh6 Qxg6 21. Rxg6 Kf7 22. Rg5 Rfc8 23. Nb3 Rc2 24. Nc5 Bd5 25. b3 a5 26. g4 a4 27. bxa4 Rxa2 28. Rb1 b3 29. gxf5 exf5 30. Rxf5+ Ke7 31. Nxb3 Rb8 32. Nd2 Rxb1+ 33. Nxb1 Ra1 34. Rf1 Bc4 35. Nd2 Bxf1 36. Nxf1 Rxa4 37. Ng3 Ra2 38. Nxe4 Re2 39. Ng3 Ra2 40. h4 g6 1/2-1/2

[Event "Porto San Giorgio op 23rd"]
[Site "Porto San Giorgio"]
[Date "2011.08.25"]
[Round "6"]
[White "Mazzarini, Daniele"]
[Black "Paganini, Andrea"]
[Result "0-1"]
[WhiteElo "1813"]
[BlackElo "1852"]
[PlyCount "86"]
[EventDate "2011.08.21"]
[EventType "swiss"]
[EventRounds "9"]
[EventCountry "ITA"]
[SourceTitle "CBM 144 Extra"]
[Source "ChessBase"]
[SourceDate "2011.10.28"]
[SourceVersion "1"]
[SourceVersionDate "2011.10.28"]
[SourceQuality "1"]

1. d4 d5 2. c4 c6 3. Nc3 Nf6 4. Nf3 a6 5. e3 b5 6. cxd5 cxd5 7. Bd3 Bb7 8. 0-0 e6 9. Bd2 Bd6 10. Rc1 Nc6 11. Qc2 Qb6 12. h3 0-0 13. Nh2 e5 14. dxe5 Nxe5 15. Bf5 Nc4 16. b3 Nxd2 17. Qxd2 Rfd8 18. Ne2 g6 19. Ng4 Be7 20. Bb1 Nxg4 21. hxg4 Ba3 22. Rcd1 Bc8 23. g5 Be7 24. f4 Bg4 25. Rde1 a5 26. Nd4 Bb4 27. Qf2 Bxe1 28. Rxe1 Re8 29. Bd3 Bd7 30. Qf3 a4 31. b4 Qd6 32. a3 Rec8 33. Bxb5 Bxb5 34. Nxb5 Qd7 35. Nd4 Rc3 36. f5 Re8 37. f6 Re4 38. b5 Rxd4 39. Qf2 Re4 40. Qb2 Rb3 41. Qc2 Rc4 42. Qe2 Qxb5 43. Qf2 Rb1 0-1

[Event "Ceriano Laghetto op-B 20th"]
[Site "Ceriano Laghetto"]
[Date "2011.04.04"]
[Round "5"]
[White "Paganini, Andrea"]
[Black "Ranfagni, Stefano"]
[Result "0-1"]
[WhiteElo "1844"]
[BlackElo "1965"]
[PlyCount "48"]
[EventDate "2011.04.01"]
[EventType "swiss"]
[EventRounds "5"]
[EventCountry "ITA"]
[SourceTitle "EXT 2023"]
[Source "ChessBase"]
[SourceDate "2022.10.05"]
[SourceVersion "1"]
[SourceVersionDate "2022.10.05"]
[SourceQuality "1"]

1. e4 c5 2. d4 cxd4 3. c3 dxc3 4. Nxc3 Nc6 5. Nf3 d6 6. Bc4 Nf6 7. e5 dxe5 8. Qxd8+ Kxd8 9. Ng5 Na5 10. Nxf7+ Kc7 11. Nb5+ Kb8 12. Nxh8 Nxc4 13. Nf7 a6 14. Nc3 Be6 15. Ng5 Bg8 16. 0-0 h6 17. Nf3 e4 18. Nd4 e5 19. Nf5 Be6 20. Ne3 Kc7 21. Nxc4 Bxc4 22. Rd1 Bd6 23. Be3 Ng4 24. Rac1 Nxe3 0-1

[Event "Milan Crespi op-B 31th"]
[Site "Milan"]
[Date "2010.12.07"]
[Round "5"]
[White "Paganini, Andrea"]
[Black "Merlotti, Marco"]
[Result "1-0"]
[WhiteElo "1840"]
[BlackElo "1797"]
[PlyCount "68"]
[EventDate "2010.12.04"]
[EventType "swiss"]
[EventRounds "7"]
[EventCountry "ITA"]
[SourceTitle "EXT 2024"]
[Source "ChessBase"]
[SourceDate "2023.10.10"]
[SourceVersion "1"]
[SourceVersionDate "2023.10.10"]
[SourceQuality "1"]

1. e4 c5 2. Nf3 e6 3. d4 cxd4 4. Nxd4 Nf6 5. Nc3 d6 6. h3 a6 7. g4 h6 8. Bg2 g5 9. Be3 Nbd7 10. a4 Ne5 11. Qe2 Qc7 12. Rd1 Bd7 13. f4 gxf4 14. Bxf4 Nc4 15. Bc1 Rc8 16. 0-0 Be7 17. Rf2 Qc5 18. Nb3 Qb6 19. Kh1 Ne5 20. Be3 Qd8 21. Rdf1 Bc6 22. Nd4 Nfd7 23. Nxc6 Rxc6 24. Qd1 Bg5 25. Bd4 Ke7 26. Na2 Qg8 27. Nb4 Rc5 28. c3 f6 29. Nd3 Qh7 30. Nxe5 dxe5 31. Qb3 Rc6 32. Qxb7 Rcc8 33. b4 h5 34. Bc5+ Ke8 1-0

[Event "Milan SSM August"]
[Site "Milan"]
[Date "2010.08.01"]
[Round "4"]
[White "Quagliarella, Sabino Remo"]
[Black "Paganini, Andrea"]
[Result "1-0"]
[WhiteElo "1946"]
[BlackElo "1810"]
[PlyCount "73"]
[EventDate "2010.07.30"]
[EventType "swiss"]
[EventRounds "7"]
[EventCountry "ITA"]
[SourceTitle "EXT 2024"]
[Source "ChessBase"]
[SourceDate "2023.10.10"]
[SourceVersion "1"]
[SourceVersionDate "2023.10.10"]
[SourceQuality "1"]

1. d4 d5 2. c4 e5 3. dxe5 d4 4. e3 Bb4+ 5. Bd2 dxe3 6. Qa4+ Nc6 7. Bxb4 exf2+ 8. Kxf2 Qd4+ 9. Ke1 Qh4+ 10. Kd1 Bd7 11. Qa3 Qf2 12. Nf3 Bg4 13. Nbd2 0-0-0 14. Be2 Qxg2 15. Rg1 Qh3 16. Rg3 Qh5 17. Ke1 Nh6 18. Bc5 Nf5 19. Rg1 Kb8 20. Bf2 Rhe8 21. Rd1 a6 22. Qc5 Rxd2 23. Rxd2 Bxf3 24. b4 Bxe2 25. Rxe2 Qh6 26. Kf1 Rd8 27. Kg2 Qf4 28. Bg3 Qg4 29. Qf2 Ncd4 30. Rd1 Kc8 31. Red2 h5 32. Qf4 Nh4+ 33. Kf2 Qxf4+ 34. Bxf4 Ne6 35. Rxd8+ Nxd8 36. Rxd8+ Kxd8 37. Bg5+ 1-0

[Event "Milan Epiphany op"]
[Site "Milan"]
[Date "2010.01.06"]
[Round "7"]
[White "Paganini, Andrea"]
[Black "Rossi, Giampiero"]
[Result "0-1"]
[WhiteElo "1771"]
[BlackElo "1922"]
[PlyCount "36"]
[EventDate "2010.01.02"]
[EventType "swiss"]
[EventRounds "7"]
[EventCountry "ITA"]
[SourceTitle "EXT 2024"]
[Source "ChessBase"]
[SourceDate "2023.10.10"]
[SourceVersion "1"]
[SourceVersionDate "2023.10.10"]
[SourceQuality "1"]

1. e4 c5 2. d4 cxd4 3. c3 dxc3 4. Nxc3 Nc6 5. Nf3 g6 6. Bc4 Bg7 7. e5 Nh6 8. h4 0-0 9. h5 Ng4 10. Ng5 Ngxe5 11. Nxh7 Nxc4 12. hxg6 N6e5 13. Nxf8 Qxf8 14. Qh5 fxg6 15. Qh7+ Kf7 16. Kf1 d6 17. Bg5 Bf5 18. f4 Ng4 0-1

[Event "Dresden ZMD op"]
[Site "Dresden"]
[Date "2008.07.19"]
[Round "1"]
[White "Stabolewski, Andreas"]
[Black "Paganini, Andrea"]
[Result "1-0"]
[WhiteElo "2282"]
[BlackElo "1840"]
[PlyCount "97"]
[EventDate "2008.07.19"]
[EventType "swiss"]
[EventRounds "9"]
[EventCountry "GER"]
[SourceTitle "CBM 125 Extra"]
[Source "ChessBase"]
[SourceDate "2008.09.01"]
[SourceVersion "1"]
[SourceVersionDate "2008.09.01"]
[SourceQuality "1"]

1. Nf3 d5 2. d4 Nf6 3. c4 e6 4. Nc3 Nc6 5. Bg5 Be7 6. e3 a6 7. Rc1 0-0 8. a3 dxc4 9. Bxc4 b5 10. Bd3 Bb7 11. 0-0 h6 12. Bxf6 Bxf6 13. Ne4 Be7 14. Nc5 Bxc5 15. Rxc5 Rc8 16. Qc2 Nb8 17. Ne5 Nd7 18. Nxd7 Qxd7 19. Rc1 c6 20. Bh7+ Kh8 21. Be4 Kg8 22. Bxc6 Bxc6 23. Rxc6 Ra8 24. Qc5 Rfd8 25. Rc7 Qd6 26. g3 g5 27. Qc6 Kg7 28. Qf3 Rf8 29. R1c6 Qd5 30. Qxd5 exd5 31. Rd7 Rfc8 32. Rc5 b4 33. Rdxd5 b3 34. Kf1 Kg6 35. Ke2 a5 36. Rxc8 Rxc8 37. Rc5 Ra8 38. g4 Ra6 39. d5 Kf6 40. Rc6+ Rxc6 41. dxc6 Ke7 42. Kd3 Kd6 43. Kc4 Kxc6 44. Kxb3 Kb5 45. Kc3 a4 46. Kd4 Kb6 47. Kc4 Ka5 48. e4 f6 49. Kc5 1-0